Soho Bani - Viral - Statistiken

Allgemein
  • Dieses Quiz wurde 45 mal gespielt
  • Das Durchschnittsergebnis liegt bei 253 aus 500
Antwortstatistiken
Antwort % Korrekt
ich
100%
Ich
100%
bin
77%
Das
77%
das
77%
die
77%
du
77%
Jungs
77%
mein
77%
komm
73%
und
73%
Und
73%
viral
73%
mit
70%
wir
70%
für
67%
ist
67%
ob
67%
heut
63%
'ne
63%
aber
60%
Aber
60%
auf
60%
der
60%
muss
60%
sein
60%
sie
60%
SOHO
60%
unter
60%
zehn
57%
fragt
53%
Girl
53%
mich
53%
wird
53%
den
50%
Einfluss
50%
Fi
50%
fi
50%
fick
50%
Fick
50%
Girls
50%
heute
50%
Scheiß
50%
ja
47%
Nachbar
47%
NAchbar
47%
wie
47%
Zeit
47%
es
43%
geb
43%
hast
43%
Hast
43%
kaputt
43%
Remy
43%
Gang
40%
Ganze
40%
ganze
40%
geht
40%
glaub
40%
Mädchen
40%
Meinung
40%
Polizei
40%
sind
40%
weil
40%
wenn
40%
zerstört
40%
am
37%
aus
37%
Hose
37%
Köpfe
37%
miese
37%
oben
37%
ohne
37%
Bässe
33%
er
33%
heult
33%
ihre
33%
sauer
33%
wegen
33%
dann
30%
Doch
30%
dreihundert
30%
hör'n
30%
Kette
30%
leer
30%
mei'm
30%
nicht
30%
vierhundert
30%
Zwölf
30%
zwölf
30%
dir
27%
Martin
27%
pack
27%
will
27%
Zigaretten
27%
Arsch
23%
brennen
23%
fette
23%
gebe
23%
ihn
23%
sag
23%
Sag
23%
Steine
23%
werden
23%
dich
20%
Eis
20%
geh'n
20%
machen
20%
Mann
20%
yeah
20%
Augen
17%
Beine
17%
ehrlich
17%
gefährlich
17%
haben
17%
Lange
17%
macht
17%
an
13%
behindert
13%
Club
13%
Dicka
13%
gib
13%
mehr
13%
sorgenfrei
13%
Berlin
10%
brauche
10%
diese
10%
endlich
10%
fertig
10%
ihm
10%
Kohle
10%
Nächte
10%
schwör
10%
Walter
10%
brauchst
7%
frech
7%
träumen
7%
und ich
7%
wehr
7%
City
3%
Mitty
3%
ruft
3%
schör
3%
ah
0%
brauchste
0%
Keine übereinstimmenden Quizze gefunden
Verteilung der Resultate
Anzahl Personen mit jedem Resultat
Perzentil nach korrekt beantworteten Fragen
Ihre Resultats-Entwicklung
Sie haben dieses Quiz noch nicht gespielt